| 000 | 005210000a22001810004500 | ||
|---|---|---|---|
| 003 | MACL | ||
| 005 | 20160303131119.0 | ||
| 008 | 160303b xxu||||| |||| 00| 0 eng d | ||
| 040 |
_aMACL _cMACL |
||
| 041 | _aHindi | ||
| 082 | _a891.431 | ||
| 100 |
_aशर्मा राजेन्द्र _937941 |
||
| 245 | _aग्राम पंचायत | ||
| 260 |
_bराजकमल प्रकाशन _aनई दिल्ली |
||
| 350 | _a2 | ||
| 650 |
_aDrama _942384 |
||
| 942 |
_cHIN _k891.433 _2ddc |
||
| 999 |
_c23635 _d23635 |
||